History Quiz

Random History or Clickable Quiz

Famous Ancient Greeks Quiz Stats

 Plays Quiz Updated Oct 13, 2014

Challenge
Share
Tweet
Embed
Score 0/20 Timer 07:00
0 Plays Today
% Correct
Homer
95.2%
Alexander the Great
86.4%
Socrates
75.4%
Plato
69.6%
Pythagoras
69.1%
Leonidas I
68.7%
Aristotle
68.2%
Archimedes
64.9%
Philip II
63.7%
Ptolemy I Soter
58.8%
% Correct
Herodotus
58.4%
Sophocles
52.1%
Pericles
48.6%
Pyrrhus
44.6%
Aeschylus
44.5%
Epicurus
44%
Thucydides
39.5%
Lysander
37.1%
Alcibiades
30.3%
Hesiod
29.2%

You're not logged in!

Compare scores with friends on all Sporcle quizzes.
OR
Log In

You Might Also Like...

Show Comments

Extras

Top Quizzes Today


Score Distribution

Your Account Isn't Verified!

In order to create a playlist on Sporcle, you need to verify the email address you used during registration. Go to your Sporcle Settings to finish the process.

Report this User

Report this user for behavior that violates our Community Guidelines.

Details: